Регионална библиотека "Любен Каравелов" - Русе

Вълшебства с буквите (Запис номер 437172)

MARC детайли
000 -Лидер
Контролно поле с фиксирана дължина 01551nam a2200325 c 4500
003 - Код на организацията, давaща контролен номер
Контролно поле BLK
005 - Дата и час на последна редакция
Контролно поле 20211116150507.0
008 - Елементи от данни с фиксирана дължина
fixed length control field 180408b bul|||||r ||||||| ||bul||
010 ## - Наследен системен номер
LC control number KNG00072306000
020 ## - Международен стандартен номер на книга ISBN
Международен стандартен номер на книга ISBN 9789547922037
040 ## - Източник на каталожния запис
Идентификатор на билиотеката - собственик на записа BLK
041 ## - Код за език
Код за езика на текст/звукозапис или на отделно заглавие Български
Код за езика КДБФ Български
080 ## - УДК
Текстов определител УДК Езиково и говорно възпитание. Начални основи на граматика и правопис.
УДК код - определител по УДК 372.46
УДК определител (076)(075.2)
УДК - код + определител 372.46(076)(075.2)
100 1# - Редна дума - Автор
Автор Владова, Лиляна Михайлова
Авторска отговорност първи автор
Автор - информация (биография) Никова-Владова, Лиляна Михайлова
R(LIN) 364643
139 ## - Редно поле
Редна дума Владова, Лиляна Михайлова и др.
Авторски знак Владим - В 70
245 10 - Сведения за заглавието
Заглавие Вълшебства с буквите
Подзаглавни данни Учебно помагало по български език за ІІІ клас на СОУ
Редно поле (дума) Лиляна Владова; Евтимия Манчева.
257 ## - Страна на издаване
Страна на създаване/издаване България
260 ## - Област на издателските данни
Име на издателя, разпространителя и проч. СКОРПИО
Година на издаване 2018
9 (RLIN) 210029
Място на издаване, разпространение и проч. София
Издателство - префикс ISBN 978-954-792- ; 954-90825-
300 ## - Физическа характеристика
Страници 80 с.
Илюстрации и др. с ил.
Размери/Мащаб 21 см
380 ## - Жанр
Жанр Обществени науки
650 #4 - Допълнително описание по предмет – тема
Основно описание – тема или топоним Български език - учебници за основни училища
9 (RLIN) 244265
653 ## - Ключова дума – ненормативна
Ключова дума български език
653 ## - Ключова дума – ненормативна
Ключова дума учебници за основни училища
700 1# - Други автори (авторска отговорност)
Лично име Манчева, Евтимия Костова
Автороска отговорност (Описва отношението между автора и произведението) съавт.
9 (RLIN) 365603
856 4# - Електронен адрес и достъп
Електронен формат pdf - файл
856 4# - Електронен адрес и достъп
Електронен формат pdf - файл
999 ## - СИСТЕМНИ КОНТРОЛНИ НОМЕРА
Koha biblionumber 437172
Koha biblioitemnumber 437172
942 ## - АРТИКУЛИ
Вид на библиотечния материал Книги
Скрит в OPAC Не
Периодичен библиозапис Да
944 ## - СЪЗДАВАНЕ И РЕДАКЦИЯ на ЗАПИСА
Създаване/Редакция Създаване
Дата на регистрацията/редакция 2021-11-16
Служител, извършил регистрацията/редакцията В. Т.
Наличности
Код за отписване Код за изгубен артикул Източник на класификационната схема Код за повреда Коз за рестрикции Код за отдаване Артикулен № Име на библиотеката - собственик Име на библиотеката, в която се намира в момента Статус (Текущо местоположение) Дата на вписване в системата Местоположение - отдел Цена в лева Систематично азбучна сигнатура Баркод Цена в евро Служебен тип на артикула
  Не е изгубен Universal Decimal Classification Не е повреден без рестрикции заемане за дома 862964 Регионална библиотека "Любен Каравелов" Русе Регионална библиотека "Любен Каравелов" Русе Детски отдел 2021-11-19 Детски отдел 4.50 373.3.016:81`36/В 70 л 120000862882 2.30 Книги
  Не е изгубен Universal Decimal Classification Не е повреден без рестрикции заемане за дома 862965 Регионална библиотека "Любен Каравелов" Русе Регионална библиотека "Любен Каравелов" Русе Детски отдел 2021-11-19 Детски отдел 4.50 373.3.016:81`36/В 70 л 120000862881 2.30 Книги
Vip Innovations Ltd, Rousse, Bulgaria 2025